| 000 | 00795nam a22002177a 4500 | ||
|---|---|---|---|
| 005 | 20150511113050.0 | ||
| 008 | 140714b xxu||||| |||| 00| 0 Urdu d | ||
| 010 | _aUR-8876 | ||
| 020 | _c200.00 | ||
| 035 | _aU-7431 | ||
| 037 | _bBPPD/Pub/Ven | ||
| 040 |
_aDPL _bUrdu |
||
| 082 | _a848.88 | ||
| 100 | _aمر تبہ :حسن ر ضا خا ن | ||
| 245 |
_aبہا ر مين عر بی و فا ر سی کی نما يند ہ شخصيتين _cمر تبہ :حسن ر ضا خا ن |
||
| 246 |
_aEminent Personalities of Arabic and Persian in Bihar _bBy DR. Hasan Raza Khan |
||
| 260 |
_bGovt. of Bihar _c2010 _aPatna |
||
| 270 |
_aIdara-e-Tehqeeqat Arabi -o-Farsi,Bari Path,Mahindero _bPatna _k - _e6 |
||
| 300 |
_a177+7ص _c22Cm (Hb) |
||
| 942 |
_2ddc _cUR _e _h848.88 _mخ ا ن |
||
| 999 |
_c93454 _d93454 |
||